000 00350nam a2200145Ia 4500
003 OSt
005 20231228061446.0
008 170523s9999 xx 000 0 und d
020 _a9788126528011
040 _cIIMTU
100 _aDally- James W.
245 0 _aInstrumentation for Engineering Measurements
260 _aWiley India
942 _2ddc
_c02
999 _c12422
_d12422